Управление проектами в структуре PR-деятельности; Актуальные проблемы гуманитарных наук

Podrobná bibliografie
Parent link:Актуальные проблемы гуманитарных наук.— 2008.— С. 173-174
Hlavní autor: Кексель О. С. Ольга Сергеевна
Jazyk:ruština
Vydáno: 2008
Edice:Связи с общественностью
Témata:
Médium: MixedMaterials Kapitola
KOHA link:https://koha.lib.tpu.ru/cgi-bin/koha/opac-detail.pl?biblionumber=229023

MARC

LEADER 00000naa2a2200000 4500
001 229023
005 20231031201919.0
035 |a (RuTPU)RU\TPU\book\249558 
035 |a RU\TPU\book\201637 
090 |a 229023 
100 |a 20121225d2008 k y0rusy50 ca 
101 0 |a rus 
102 |a RU 
200 1 |a Управление проектами в структуре PR-деятельности  |f О. С. Кексель 
225 1 |a Связи с общественностью 
320 |a Библиогр.: 4 назв. 
463 0 |0 (RuTPU)RU\TPU\book\194420  |t Актуальные проблемы гуманитарных наук  |o сборник научных трудов, апрель 2008 г., Томск  |f Томский политехнический университет (ТПУ)  |v С. 173-174  |d 2008  |p 562 с. 
610 1 |a пиар 
610 1 |a связи с общественностью 
610 1 |a управление 
610 1 |a проекты 
610 1 |a труды учёных ТПУ 
700 1 |a Кексель  |b О. С.  |c российский учёный в области культурологии и социальной коммуникации  |c доцент Томского политехнического университета  |g Ольга Сергеевна  |2 stltpush  |3 (RuTPU)RU\TPU\pers\24731 
801 1 |a RU  |b 63413507  |c 20101016 
801 2 |a RU  |b 63413507  |c 20121225  |g RCR 
942 |c BK